Normal view
MARC view
- HEALTH, SELF CARE HEALTH, MEDICINE PREVENTIVE.FITNESS
Entry Topical Term
001 - CONTROL NUMBER
- control field: 62666
003 - CONTROL NUMBER IDENTIFIER
- control field: NUST
005 - DATE AND TIME OF LATEST TRANSACTION
- control field: 20210628202955.0
008 - FIXED-LENGTH DATA ELEMENTS
- fixed length control field: 210628|| aca||aabn | a|a d
040 ## - CATALOGING SOURCE
- Original cataloging agency: NUST
- Transcribing agency: NUST
150 ## - HEADING--TOPICAL TERM
- Topical term or geographic name entry element: HEALTH, SELF CARE HEALTH, MEDICINE PREVENTIVE.FITNESS
670 ## - SOURCE DATA FOUND
- Source citation: Work cat.: (NUST): Anspaugh, David J, Hamrick, Michael H, Rosato, F.D 62665, Wellness, concepts and applications, 2003
